000 01141nmc a2200373 a 4500
003 AR-BaBNM
005 20251128210026.0
008 228119s1993 ||||||||||||||000 | spa||
020 _a84-7960-016-0
040 _cAR-BaBNM
100 1 _aLipman, Matthew
245 1 0 _aAsombrándose ante el mundo
_bmanual del profesor para acompañar Kio y Gus
260 _aMadrid
_bEdiciones de la Torre
_c1993
300 _a621 p.
490 0 _aProyecto didáctico Quirón. Filosofía para niños
650 4 _aTECNICAS DIDACTICAS
650 4 _aENSEÑANZA DE LA CIENCIA
650 4 _aAPRENDIZAJE MEDIANTE EL DESCUBRIMIENTO
650 4 _aDISCUSION EN GRUPO
650 4 _aECOLOGIA
650 4 _aZOOLOGIA
650 4 _aPROCESO DEL PENSAMIENTO
650 4 _aDESTREZAS LINGUISTICAS
650 4 _aPROCESO COGNOSCITIVO
650 4 _aNARRACION DE CUENTOS
650 4 _aPENSAMIENTO LOGICO
650 4 _aPENSAMIENTO CREADOR
650 4 _aJUEGOS EDUCATIVOS
700 1 _aSharp, Ann Margaret
700 1 _aTasset Carmona, José Luis
_etraductor
800 1 _aGarcía Moriyón, Félix
_ecoordinador
942 _cBK
998 _creynoso
999 _c13758
_d13758